00501nam a22001577a 450000500170000001000160001702000260003303500140005903700130007308200080008610000300009424501170012426000350024127000450027630000220032120170518122117.0 aENG- 118221 a9788171327973c700.00 aEN-101753 bDBAD/PUB a747 aKuruvilla, Asha P. George aInterior design /bThe basics into the world of design /cby Asha P. George Kuruvilla and Anita P. George Antony aIndiabPointer Publisherc2015 aVyas Building, Chaura Rasta Jipur 302003 a170p.c23cm. (Hb)